Statistics for Countries that end in the letter(s) "T" or "U"

Click here to take the quiz!

General Stats

  • This quiz has been taken 126 times
  • The average score is 7 of 9

Answer Stats

HintAnswer% Correct
OceaniaTuvalu
93%
OceaniaVanuatu
92%
OceaniaPalau
91%
OceaniaNauru
90%
AmericasPeru
74%
AfricaEgypt
72%
AsiaKuwait
68%
AfricaGuinea-Bissau
60%
AfricaIvory Coast
47%

Score Distribution

Percentile by Number Answered

Percent of People with Each Score

Your Score History

You have not taken this quiz